Estatísticas para Maiores cidades catarinenses!

Clique aqui para jogar o quiz

Estatísticas Gerais

  • Esse quiz foi jogado 53 vezes
  • A pontuação média é 11 de 13

Estatísticas das Respostas

PopulaçãoResposta% Correto
500.000 habitantesFlorianópolis
100%
350.000 habitantesBlumenau
98%
215.000 habitantesChapecó
98%
210.000 habitantesCriciúma
98%
580.000 habitantesJoinville
98%
135.000 habitantesBalneário Camboriú
84%
212.000 habitantesItajaí
84%
240.000 habitantesSão José
81%
160.000 habitantesLages
79%
105.000 habitantesTubarão
70%
165.000 habitantesPalhoça
67%
130.000 habitantesBrusque
65%
170.000 habitantesJaraguá do Sul
60%

Distribuição das Pontuações

Percentil de Números Respondidos

Porcentagem de Pessoas com Cada Pontuação

Sua Pontuação Histórica

Você não jogou esse quiz